1932 1711 1827 1957 1932 1159 1741 1501 1715 1046 1737 1182 1024 1150 1486 1122 1810 1353 1015 1709 1084 1439 1187 1495 1723 1644 1154 1575 1603 1864 1391 1507 1820 1837 1170 1783 1414 1079 1161 1503 1115 1343 1973 1449 1643 1665 1298 1234 1033 1954 1618 1457 1958 1633 1111 1002 1283 1497 1263 1832 1258 1940 1669 1676 1246 1906 1365 1895 1900 1442 1664 1237 1791 1202 1681 1960 1531 1497 1073 1903 1801 1182 1171 1489 1606 1081 1375 1217 1054 1219 1454 1674 1077 1184 1342 1469 1896 1309 1730 BCNSPRNW ULIB Ver.6.0+V

เปลี่ยนเป็นภาษาไทย

Change to English
 แสดงรายละเอียดบรรณานุกรม
  กลับหน้าหลัก

Brief Record : Get Marc (ISO 2709) : E-mail record : QR code < ปิดหน้าต่าง
LEADER : 00000nam 2200000uu 4500
001    13399113275
003     ULIB
008    111005s2551||||th 000 0 tha d
020    9789740596868
050 04 TT890^bศ839ก 2551
100 0  เศรษฐพงศ์ อัปมะเย
245 10 การประดิษฐ์พานรับน้ำ /^cเศรษฐพงศ์ อัปมะเย
250    พิมพ์ครั้งที่ 1
260    กรุงเทพฯ :^bวาดศิลป์,^c2551
300    64 หน้า :^bภาพประกอบ ;^c26 ซม
440  0 โครงการหนังสืออนุรักษ์และส่งเสริมศิลปวัฒนธรรมไทย
650  7 การจัดดอกไม้
650  7 การประดิษฐ์ด้วยใบตอง
650  7 มาลัย
945    ^p160^l0^i027690
995    ทศพร
999 ^a ทศพร
รายการนี้ยังไม่มีแท็ก
คุณยังไม่ได้ล็อกอิน คุณสามารถมีกิจกรรมร่วมกับเว็บไซต์ได้ แต่ต้องล็อกอินก่อน ::
  ล็อกอิน

รายการสื่อสารสนเทศ

ลำดับที่ ประเภท เลขเรียก/บาร์โค้ด สถานที่ สถานะ
- ไม่พบข้อมูล -

รายการใกล้เคียง
    ผู้แต่ง [เศรษฐพงศ์ อัปมะเย]

    หัวเรื่อง [การจัดดอกไม้]
    หัวเรื่อง [การประดิษฐ์ด้วยใบตอง]
    หัวเรื่อง [มาลัย]

BibComment


ยังไม่เคยถูกคอมเมนท์

คอมเมนท์ทรัพยากรรายการนี้
  คอมเมนท์: การประดิษฐ์พานรับ..


 Copyright 2026. Bcnsprnw @Library